Factors affecting the workfoce retention in East Africa Union Mission of Seventh-Day Adventist Church: a focus on administrative, pastoral and accounting employees / (Record no. 8156)
[ view plain ]
| 000 -LEADER | |
|---|---|
| fixed length control field | 00588nam a22001457a 4500 |
| 003 - CONTROL NUMBER IDENTIFIER | |
| control field | AUA.1 |
| 005 - DATE AND TIME OF LATEST TRANSACTION | |
| control field | 20200203125117.0 |
| 008 - FIXED-LENGTH DATA ELEMENTS--GENERAL INFORMATION | |
| fixed length control field | 121025t xxu||||| |||| 00| 0 eng d |
| 040 ## - CATALOGING SOURCE | |
| Transcribing agency | JTL |
| 100 ## - MAIN ENTRY--PERSONAL NAME | |
| Personal name | Onyango, Joseph Okoth |
| 9 (RLIN) | 27973 |
| 245 ## - TITLE STATEMENT | |
| Title | Factors affecting the workfoce retention in East Africa Union Mission of Seventh-Day Adventist Church: a focus on administrative, pastoral and accounting employees / |
| Statement of responsibility, etc | Joseph Okoth Onyango. |
| 300 ## - PHYSICAL DESCRIPTION | |
| Extent | 127 p. |
| Dimensions | 29 cm. |
| 650 ## - SUBJECT ADDED ENTRY--TOPICAL TERM | |
| Topical term or geographic name as entry element | Seventh-day Adventists |
| General subdivision | Workforce retention |
| 9 (RLIN) | 27974 |
| 942 ## - ADDED ENTRY ELEMENTS (KOHA) | |
| Source of classification or shelving scheme | AUA Inhouse Classification |
| Koha item type | Project |
| Classification part | MA Lead |
| Item part | .O59 2009 |
| Withdrawn status | Lost status | Source of classification or shelving scheme | Damaged status | Not for loan | Collection code | Home library | Current library | Shelving location | Date acquired | Source of acquisition | Cost, normal purchase price | Serial Enumeration / chronology | Total Checkouts | Full call number | Barcode | Date last seen | Date checked out | Cost, replacement price | Price effective from | Koha item type | Copy number |
|---|---|---|---|---|---|---|---|---|---|---|---|---|---|---|---|---|---|---|---|---|---|
| AUA Inhouse Classification | JTL Research Collection | Judith Thomas Library | Judith Thomas Library | Judith Thomas Library Research Section | 25/10/2012 | AUA RESEARCH DEPARTMENT | 15.00 | AUA011189 | 1 | MA Lead .O59 2009 | AUA011189 | 20/02/2013 | 19/02/2013 | 15.00 | 25/10/2012 | Project | |||||
| AUA Inhouse Classification | JTL Research Collection | Judith Thomas Library | Judith Thomas Library | Judith Thomas Library Research Section | 25/10/2012 | AUA RESEARCH DEPARTMENT | 15.00 | AUA011190 | 4 | MA Lead .O59 2009 | AUA011190 | 12/06/2013 | 29/04/2013 | 15.00 | 25/10/2012 | Project | 2 |